000 00486nam a2200193Ia 4500
008 101110s9999 xx 000 0 und d
041 _aENGLISH
082 _bSR3044
100 _aAgarwal V.P.
245 _aOn Out Line of General Biology
365 _b4
520 _aBiology/Zoology
546 _aENGLISH
630 _aOn Out Line of General Biology
650 _aBiology/Zoology
655 _aBiology/Zoology
730 _aOn Out Line of General Biology
942 _cBOOK
999 _c799708
_d799705